00494nam a2200157Ia 4500020001800000082001600018245008000034260004700114300001300161504001900174650002400193650002300217650003600240650003800276700002200314 a9780521861212 a153.93 INT- 0aIntelligent testing: integrating psychological theory and clinical practice aNew YorkbCambridge University Pressc2009 axii, 252 aincludes index aPsychological tests aIntelligence tests aPsychological test for children aEducational tests and measurments aKaufman, James C.